| 000 | 00625nam a2200133Ia 4500 | ||
|---|---|---|---|
| 008 | 220615s9999||||xx |||||||||||||| ||und|| | ||
| 022 | _a16648714 | ||
| 100 | _aMarcello Maniglia||Gianluca Campana | ||
| 245 | 0 | _aLearning to see (better): Improving visual deficits with perceptual learning | |
| 546 | _aEnglish[eng] | ||
| 650 | _aVision restoration training||Pathologic nystagmus||tRNS||Video Games||Myopia||Amblyopia||Blindness||Presbyopia||Crowding||Macular Degeneration | ||
| 856 | _uhttp://journal.frontiersin.org/researchtopic/2347/learning-to-see-better-improving-visual-deficits-with-perceptual-learning | ||
| 942 | _cEB | ||
| 999 |
_c14278 _d14278 |
||